|
|
|
|
| LEADER |
04934nam a2200421 a 4500 |
| 001 |
EBC459504 |
| 003 |
MiAaPQ |
| 005 |
20200520144314.0 |
| 006 |
m o d | |
| 007 |
cr cn||||||||| |
| 008 |
070924s2008 dcua sb 001 0 eng |
| 010 |
|
|
|z 2007039304
|
| 020 |
|
|
|z 9780821373354
|
| 020 |
|
|
|a 9780821373361 (electronic bk.)
|
| 035 |
|
|
|a (MiAaPQ)EBC459504
|
| 035 |
|
|
|a (Au-PeEL)EBL459504
|
| 035 |
|
|
|a (CaPaEBR)ebr10212654
|
| 035 |
|
|
|a (OCoLC)290514105
|
| 040 |
|
|
|a MiAaPQ
|c MiAaPQ
|d MiAaPQ
|
| 043 |
|
|
|a a-ce---
|
| 050 |
|
4 |
|a HC424.Z9
|b I557 2008
|
| 082 |
0 |
4 |
|a 303.48/33095493
|2 22
|
| 100 |
1 |
|
|a Hanna, Nagy.
|
| 245 |
1 |
0 |
|a Transforming government and empowering communities
|h [electronic resource] :
|b the Sri lankan experience with e-development /
|c Nagy K. Hanna.
|
| 260 |
|
|
|a Washington D.C. :
|b World Bank,
|c c2008.
|
| 300 |
|
|
|a xx, 272 p. :
|b ill.
|
| 504 |
|
|
|a Includes bibliographical references and index.
|
| 504 |
|
|
|a Includes bibliographical references (p. 195-209) and index.
|
| 505 |
0 |
|
|a Foreword -- Acknowledgments -- Acronyms and abbreviations -- Introduction -- E-development as a holistic vision -- The eSri Lanka program -- Learning from eSri Lanka -- Developing e-leadership institutions -- An institutional innovation in e-leadership: the ICT Agency of Sri lanka -- The institutional model -- Evolution of the authorizing environment and governance model -- Mandate -- Paths to sustainability -- Core competencies -- Partnerships -- A learning organization -- Role of aid agencies -- Lessons and conclusions -- Annex 2.1 The ICT agency in search of a corporate identity -- Annex 2.2 The ICT policy framework & the organizational structure of the ICT agency -- Annex 2.3 Internal and external risks facing the ICT agency at inception -- Managing results -- Objectives of monitoring and evaluation for eSri Lanka -- Framework for monitoring and evaluation -- Arrangements for monitoring and evaluation -- Emerging lessons -- Annex 3.1 Results framework for monitoring and evaluation -- Outcome indicator -- ICT human resource development and industry promotion -- Transforming government -- Best practices and options for planning and implementing e-government -- Approaches to planning e-government -- Implementation of e-government: four phases -- Leadership, partnership, and change management -- Providing leadership, building partnerships -- Conclusions and implications -- Readiness for e-government: a historical perspective -- History of e-government in Sri Lanka -- Analysis of the situation -- Findings and recommendations -- A vision of e-government -- Motivations and aspirations -- Challenges to realizing the vision -- Lessons learned: a postscript -- A strategy for e-government: initial priorities and lessons -- Planning for e-services -- Building e-governance -- Implementation agenda -- Early experience and lessons -- Annex 7.1 Criteria for determining impact & feasibility of offering services online -- Determining impact -- Determining feasibility -- Empowering communities -- Innovation in ICT use for poverty reduction -- Bottom-up planning and participatory development -- Serving the bottom of the pyramid -- The user innovation revolution -- Demand-driven ICT-enabled development -- Financing ICT innovation: lessons from InfoDev -- Conditions for ensuring impact by small grants -- Strategies for soliciting and funding good proposals -- Evaluating proposals and making funding decisions -- Good practices in managing a small-grant program -- E-society: design and early experience -- Overview of the fund -- Practices in soliciting and funding proposals -- Arrangements for implementation and monitoring -- Early operation and lessons learned -- Key lessons of eSri Lanka -- Designing and implementing a holistic framework for e-development -- Developing e-leadership institutions -- Transforming government -- Empowering communities -- Appendix 1 Main program components of eSri Lanka -- ICT policy, leadership, and institutional development program -- Information infrastructure program -- Reengineering government program -- ICT human resource capacity-building program -- ICT investment and private sector development program -- E-society program -- Appendix 2 Selected indicators for Sri Lanka and comparators -- Bibliography -- About the author.
|
| 533 |
|
|
|a Electronic reproduction. Ann Arbor, MI : ProQuest, 2015. Available via World Wide Web. Access may be limited to ProQuest affiliated libraries.
|
| 650 |
|
0 |
|a Information technology
|x Economic aspects
|z Sri Lanka.
|
| 650 |
|
0 |
|a Communication in economic development
|z Sri Lanka.
|
| 650 |
|
0 |
|a Telecommunication
|z Sri Lanka.
|
| 650 |
|
0 |
|a Internet in public administration
|z Sri Lanka.
|
| 651 |
|
0 |
|a Sri Lanka
|x Economic policy.
|
| 655 |
|
4 |
|a Electronic books.
|
| 710 |
2 |
|
|a ProQuest (Firm)
|
| 856 |
4 |
0 |
|u https://ebookcentral.proquest.com/lib/matrademy/detail.action?docID=459504
|z Click to View
|